| 000 | 00509cam a2200181ua 4500 | ||
|---|---|---|---|
| 041 |
_aeng _h |
||
| 082 |
_a028.75624 _bVAR/BI |
||
| 100 | _aVarma, C.V.J. | ||
| 245 | 0 | 0 |
_aBibliography: Indian contribution to geosynthetics / _cC.V.J Varma. _hTextual Documents |
| 260 |
_aNew Delhi : _bCentral Board of Irrigation and Power (CBIP) , _c1981. |
||
| 300 | _a54 ; . | ||
| 504 | _a | ||
| 700 | 1 | _aR, . | |
| 700 | 1 | _aVenkatachalam, K . | |
| 700 | 1 | _aVenkatappa Rao, G . | |
| 942 | _cBK | ||
| 999 |
_c8867 _d8867 |
||